| 000 | 00736nam a22002177a 4500 | ||
|---|---|---|---|
| 999 |
_c2724 _d2724 |
||
| 003 | AR-CdUCM | ||
| 008 | 190305b ||||| |||| 00| 0 spa d | ||
| 040 |
_aMUNICIPALIDAD PROVINCIAL DEL CUSCO _cBIBLIOTECA MUNICIPAL DEL CUSCO |
||
| 082 |
_a838.9 / _bB82 |
||
| 100 |
_aBrecht, Bertolt _99536 |
||
| 245 | _aBertolt Brecht / | ||
| 260 |
_aBerlin : _bEdiciones de Brecht, _c1966. |
||
| 300 |
_a45 Páginas ; _bFotografias, _c24cm. |
||
| 505 | _aContenido: Maneras de representar a Brecht -- El disconforme -- Bretch, clásico -- Brecht, el último caso. | ||
| 650 |
_aBiografía de Brecht _99537 |
||
| 650 |
_aTeatro _9173 |
||
| 650 |
_aCaucasiano _99538 |
||
| 650 |
_aTeatro de Francfort _99539 |
||
| 942 |
_2ddc _cLIBROS |
||
| 945 | _adavv | ||